LEADER 01336nam a2200325 i 4500 001 000000339608 003 CaOOAMICUS 005 20200225154724.0 008 200225s2019 it u000 u ita u 013 $a234739 020 $a978-88-17-16955-4 040 $aSeMil$bita 041 1 $aita$aara 100 0 $aAverroes,$d<1126-1198>.$0(OLS)http://semarc/name/28573 240 10$aKit?b Fasl al-Maq?l.$0(OLS)http://semarc/title/428432 245 13$aIl trattato decisivo sull'accordo della religione con la filosofia /$cAverroè ; introduzione, traduzione e note di Massimo Campanini. 250 $a8. Ed. 264 1$aMilano :$bBUR Rizzoli,$c2019. 300 $a165 p. ;$c20 cm. 500 $aTesto arabo a fronte 700 1 $aCampanini, Massimo,$d<1954-2020>.$0(OLS)http://semarc/name/28574 830 0$aBUR. Classici.$0(OLS)http://semarc/title/11994 850 $aSeMil 852 $aSeMil$W1$xVenegono$y1$m2R II 426$j218857$B230730$CSeMilBibl$Z2$F230730 $81 900 1 $aAverroè. 996 $6020$a978-88-17-16955-4$9(OLS)http://semarc/number/290025 996 $6245$aIl trattato decisivo sull'accordo della religione con la filosofia$9(OLS)http://semarc/title/428433 996 $6264$aMilano :$bBUR Rizzoli$9(OLS)http://semarc/publisher/52829 LEADER 01084nam a2200253 i 4500 001 000000121591 003 CaOOAMICUS 005 20031230000000.0 008 031230s1981 it u000 u ita u 013 $a94286 040 $aSeMil$bita 100 1 $aFabbretti, Nazareno,$c.$0(OLS)http://semarc/name/19687 245 10$aFrancesco e gli amici /$cNazareno Fabbretti ; con otto tavole di Costantino Ruggeri. 260 $aMilano :$bRusconi,$c1981. 300 $a217 p., [8] c. di tav. ;$c22 cm. 500 $aIn preliminari : Dedica autografa dell'Autore. - Fondo Card. C.M. Martini. 600 04$aFrancesco : d'Assisi .$0(OLS)http://semarc/subject/1416 700 1 $aRuggeri, Costantino <1925->.$0(OLS)http://semarc/name/24265 850 $aSeMil 852 $aSeMil$W1$xVenegono$y1$m1C V 137$j76657$B76657$CSeMilBibl$Z2$F78481 $81 941 1 $a4 961 $aOmaggio: Martini Card. Carlo Maria 996 $6245$aFrancesco e gli amici$9(OLS)http://semarc/title/179022 996 $6260$aMilano :$bRusconi$9(OLS)http://semarc/publisher/30258